| 000 | 00520nam a2200157Ia 4500 | ||
|---|---|---|---|
| 999 |
_c35500 _d35500 |
||
| 003 | GCL | ||
| 005 | 20240530102933.0 | ||
| 008 | 140319s9999 xx 000 0 ara d | ||
| 040 |
_aGCL / _cGCL |
||
| 082 | 0 | 4 |
_a109 _bم و |
| 100 | _aمنشاوى عبدالرحمن اسماعيل | ||
| 245 | 1 | 0 |
_aالوجيز فى الدرس الفلسفى: تاريخ ونقد _cمنشاوى عبدالرحمن اسماعيل |
| 260 |
_a[S.N] : _bدار الثقافة العربية ، _c1991 |
||
| 300 | _a296 ص | ||
| 942 |
_2ddc _cBK |
||